000 00844nam a2200241 i 4500
001 129385
003 ES-MaACL
005 20250901062536.0
007 t|
008 070614s1959 an |||| | spa d
080 _a8-97.09"17/18"
100 1 _aTherive, André.
_9109903
245 1 0 _aCristianismo y literatura moderna /
_cAndré Therive ; versión española de A. Segura.
260 _aAndorra :
_bCasal i Vall,
_c[1959]
300 _a159 p. ;
_c19 cm.
490 1 _aYo sé, yo creo: enciclopedia del católico en el siglo XX
650 4 _aCristianismo y literatura.
_9167970
650 1 4 _aLiteratura moderna-
_vHistoria y crítica.
_914640
700 1 _aSegarra, Antonio.
_9105115
830 0 0 _aYo sé, yo creo: enciclopedia del católico del siglo XX
_9186579
852 _aES-MaACL
_jC-18006
999 _c129385
_d129385